1423 1317 1990 1242 1409 1180 1967 1789 1703 1376 1806 1200 1916 1137 1241 1349 1273 1679 1780 1077 1666 1936 1545 1092 1248 1017 1892 1334 1326 1792 1748 1231 1807 1285 1832 1777 1620 1130 1437 1413 1693 1739 1649 1391 1543 1542 1323 1312 1684 1717 1960 1012 1206 1744 1366 1328 1588 1643 1138 1212 1216 1973 1527 1670 1882 1727 1881 1419 1883 1730 1320 1308 1124 1145 1985 1945 1111 1741 1201 1850 1799 1924 1316 1767 1506 1448 1554 1734 1707 1941 1235 1893 1802 1986 1045 1085 1411 1523 1352 BCNSPRNW ULIB Ver.6.0+V

เปลี่ยนเป็นภาษาไทย

Change to English
 แสดงรายละเอียดบรรณานุกรม
  กลับหน้าหลัก

Brief Record : Get Marc (ISO 2709) : E-mail record : QR code < ปิดหน้าต่าง
LEADER : 00000nam 2200000uu 4500
001    13399121244
003     ULIB
008    121113s2550||||th 000 0 tha d
020    ^a9789749934319
050  4 ^aPL4159^bว735ภ 2550
100 0  ^aวิไลศักดิ์ กิ่งคำ
245 10 ^aภาษาต่างประเทศในภาษาไทย /^cวิไลศักดิ์ กิ่งคำ
250    ^aพิมพ์ครั้งที่ 1
260    ^aกรุงเทพฯ :^bสำนักพิมพ์มหาวิทยาลัยเกษตรศาสตร์,^c2550
300    ^axii, 236 หน้า :^bภาพประกอบ ;^c26 ซม.
650  4 ^aภาษาไทย^xคำและวลีภาษาต่างประเทศ
945    ^p200^l0^i16485
995    ^aกัณชพร
999 ^a กัณชพร
รายการนี้ยังไม่มีแท็ก
คุณยังไม่ได้ล็อกอิน คุณสามารถมีกิจกรรมร่วมกับเว็บไซต์ได้ แต่ต้องล็อกอินก่อน ::
  ล็อกอิน

รายการสื่อสารสนเทศ

ลำดับที่ ประเภท เลขเรียก/บาร์โค้ด สถานที่ สถานะ
1. วิทยาศาสตร์การแพทย์ และสุขภาพ
วิทยาศาสตร์การแพทย์ และสุขภาพ
PL4159 ว735ภ 2550  
  Barcode: 16485
ห้องสมุดวิทยาเขตสวรรค์ประชารักษ์
►หนังสือทั่วไป
บนชั้น

รายการใกล้เคียง
    ผู้แต่ง [วิไลศักดิ์ กิ่งคำ]

BibComment


ยังไม่เคยถูกคอมเมนท์

คอมเมนท์ทรัพยากรรายการนี้
  คอมเมนท์: ภาษาต่างประเทศใน..


 Copyright 2026. Bcnsprnw @Library